| 000 | 00562nam a2200205Ia 4500 | ||
|---|---|---|---|
| 999 |
_c2796 _d2796 |
||
| 001 | 20363649 | ||
| 003 | OSt | ||
| 005 | 20181018165150.0 | ||
| 008 | 890918s1914 enkaf 000 0beng d | ||
| 040 |
_aWSE _cWSE _dJCU |
||
| 041 | 1 |
_aeng _hfre |
|
| 082 |
_a220.9 _bP331M |
||
| 090 |
_aBX4705 _b.G5515 |
||
| 245 | 1 | 2 |
_aA man after God's own heart / _cBy K.V. Paul Pillai. |
| 260 |
_aNew Delhi : _bFazl Publishers, _c1979. |
||
| 300 |
_a121 p. : _bill. ; 23 cm. |
||
| 600 | 1 | 0 |
_aGinhac, Peter Paul Hippolyte, _d1824-1895. |
| 700 | 1 | _aDoyle, William. | |
| 942 |
_2ddc _cBK |
||